00426nam a2200145Ia 4500008004100000100003200041245008700073260002300160300001000183650002200193650002100215700001400236700001300250700001700263220216s9999 xx 000 0 und d aShaktawat Pushkar Raj Singh 0aEstimation and expression of uncertainty for curing parameters of rubber compounds bRubber Worldc2004 a17-19 aCuring parameters aRubber compounds aBandari V aDhupia D aMukhopadhyay